000 00425nam a22001577a 4500
003 NUST - PNEC
005 20170116181027.0
008 150917b xxu||||| |||| 00| 0 eng d
040 _cLIBRARY
082 _a604.24 MOT
100 _910872
_aMott, Leslie Charles
245 _aEngineering drawing and construction Vol-2
_cLeslie Charles Mott
260 _c1967
650 _95592
_a Mechanical drawing
_xME
942 _2ddc
_cBK
999 _c67596
_d67596